Länder nach zwei Buchstaben aus ihrem Namen - Statistiken

Allgemein
  • Dieses Quiz wurde 615 mal gespielt
  • Das Durchschnittsergebnis liegt bei 150 aus 196
Antworten auf der Karte
Die Antworten werden auf der Karte rot bzw. grün angezeigt, abhängig davon wie oft sie richtig erraten wurden.
 
Antwortstatistiken
Land % Korrekt
Dominikanische Republik
98%
Zentralafrikanische Republik
98%
Australien
97%
Bangladesch
97%
Demokratische Republik Kongo
97%
Deutschland
97%
Vereinigte Arabische Emirate
97%
Kamerun
96%
Kasachstan
96%
Madagaskar
96%
Russland
96%
Trinidad und Tobago
96%
Vereinigte Staaten
96%
Aserbaidschan
95%
Belarus
95%
Kanada
95%
Vereinigtes Königreich
95%
Antigua und Barbuda
94%
San Marino
94%
São Tomé und Príncipe
94%
Südafrika
94%
Tadschikistan
94%
Turkmenistan
94%
Bosnien und Herzegowina
93%
Elfenbeinküste
93%
Frankreich
93%
Kambodscha
93%
Kap Verde
93%
Liechtenstein
93%
Malediven
93%
Schweden
93%
Suriname
93%
Argentinien
92%
Brasilien
92%
Dänemark
92%
Griechenland
92%
Marshallinseln
92%
Niederlande
92%
Usbekistan
92%
Vatikanstadt
92%
Armenien
91%
Föderierte Staaten von Mikronesien
91%
Jamaika
91%
Mauretanien
91%
Sri Lanka
91%
Tschechien
91%
Guinea-Bissau
90%
Neuseeland
90%
Rumänien
90%
Salomonen
90%
St. Vincent und die Grenadinen
90%
Tschad
90%
China
89%
Papua-Neuguinea
89%
Spanien
89%
Saudi-Arabien
88%
Äquatorial-Guinea
87%
Finnland
87%
Marokko
87%
Mauritius
87%
Österreich
87%
Afghanistan
86%
Myanmar
86%
Pakistan
86%
Panama
86%
Ruanda
86%
Seychellen
86%
Albanien
85%
Burkina Faso
85%
Dschibuti
85%
Guatemala
85%
Jordanien
85%
Nordmazedonien
85%
St. Kitts und Nevis
85%
Venezuela
85%
Benin
84%
Philippinen
84%
Schweiz
84%
Fidschi
83%
Italien
83%
Katar
83%
Mexiko
83%
Somalia
83%
Brunei
82%
Kirgisistan
82%
Komoren
82%
Nicaragua
82%
Eswatini
81%
Irland
81%
Libanon
81%
Litauen
81%
Chile
80%
Indonesien
80%
Malaysia
80%
Mali
80%
Portugal
80%
Südsudan
80%
Tansania
80%
Dominica
79%
Island
79%
Japan
79%
Moldawien
79%
Palau
79%
Sudan
79%
Bolivien
78%
Botswana
78%
Burundi
78%
Jemen
78%
Malawi
78%
Mosambik
78%
Senegal
78%
Ukraine
78%
Bulgarien
77%
Malta
77%
Peru
77%
Uganda
77%
Algerien
76%
Estland
76%
Paraguay
76%
Republik Kongo
76%
Sierra Leone
76%
Thailand
76%
Grenada
75%
Nauru
75%
Nepal
75%
Nordkorea
75%
Südkorea
75%
Iran
74%
Kolumbien
74%
Lettland
74%
Oman
74%
Indien
73%
Liberia
73%
Samoa
73%
Tunesien
73%
Monaco
72%
Montenegro
72%
Vanuatu
72%
Ghana
71%
Guinea
71%
Kiribati
71%
Uruguay
71%
Bahamas
70%
Guyana
70%
Mongolei
70%
Polen
70%
Singapur
69%
Costa Rica
68%
Tuvalu
68%
Slowenien
67%
Bahrain
66%
Libyen
66%
Norwegen
66%
Andorra
65%
Belize
65%
El Salvador
65%
Ägypten
64%
Angola
64%
Honduras
64%
Kenia
64%
Nigeria
64%
Osttimor
64%
Ungarn
64%
Belgien
63%
Barbados
62%
Türkei
62%
Namibia
61%
Äthiopien
60%
Niger
60%
Vietnam
60%
Kosovo
59%
Taiwan
59%
Bhutan
58%
Kroatien
57%
Irak
56%
Sambia
53%
Serbien
52%
Lesotho
51%
Zypern
49%
Slowakei
46%
Israel
45%
Eritrea
44%
Gabun
44%
Laos
43%
Ecuador
42%
Syrien
42%
Georgien
41%
Luxemburg
39%
Simbabwe
37%
Kuwait
36%
Haiti
34%
Gambia
33%
Kuba
30%
St. Lucia
27%
Tonga
25%
Togo
19%
Keine übereinstimmenden Quizze gefunden
Verteilung der Resultate
Anzahl Personen mit jedem Resultat
Perzentil nach korrekt beantworteten Fragen
Ihre Resultats-Entwicklung
Sie haben dieses Quiz noch nicht gespielt